Online
Catalog

Revista medico-farmacéutica dominicana. (Record no. 30901)

MARC details
000 -CABECERA
campo de control de longitud fija 00677cas a2200205 a 4500
001 - NÚMERO DE CONTROL
campo de control 000031409
003 - IDENTIFICADOR DEL NÚMERO DE CONTROL
campo de control DO-SdBNP
005 - FECHA Y HORA DE LA ÚLTIMA TRANSACCIÓN
campo de control 20240902094808.0
008 - DATOS DE LONGITUD FIJA--INFORMACIÓN GENERAL
campo de control de longitud fija 760620u1913uuuudr x p f0 b0spa
040 ## - FUENTE DE LA CATALOGACIÓN
Centro catalogador/agencia de origen DO-SdBNP
Centro/agencia transcriptor spa
Lengua de catalogación DO-SdBNP
043 ## - CÓDIGO DE ÁREA GEOGRÁFICA
Código de área geográfica nwdr
245 00 - MENCIÓN DE TÍTULO
Título Revista medico-farmacéutica dominicana.
260 ## - PUBLICACIÓN, DISTRIBUCIÓN, ETC.
Lugar de publicación, distribución, etc. Santo Domingo :,
Fecha de publicación, distribución, etc. 1913.
310 ## - PERIODICIDAD ACTUAL
Periodicidad actual Mensual
362 0# - FECHAS DE PUBLICACIÓN Y/O DESIGNACIÓN SECUENCIAL
Fecha de publicación y/o designación secuencial año 1.no.1y2(enero/febrero, 1913-)
500 ## - NOTA GENERAL
Nota general Directores: Fernando A. Defilló, J.G. Obregón García
650 #4 - PUNTO DE ACCESO ADICIONAL DE MATERIA--TÉRMINO DE MATERIA
Término de materia o nombre geográfico como elemento de entrada Medicina
Subdivisión geográfica República Dominicana
Subdivisión de forma PUBLICACIONES PERIÓDICAS
9 (RLIN) 57828
650 #4 - PUNTO DE ACCESO ADICIONAL DE MATERIA--TÉRMINO DE MATERIA
Término de materia o nombre geográfico como elemento de entrada Farmacia
Subdivisión geográfica República Dominicana
Subdivisión de forma PUBLICACIONES PERIÓDICAS
9 (RLIN) 57829
942 ## - ELEMENTOS DE PUNTO DE ACCESO ADICIONAL (KOHA)
Fuente del sistema de clasificación o colocación Dewey Decimal Classification
Tipo de ítem Koha Publicación periódica
Holdings
Estado de retiro Estado de pérdida Especificación de materiales (volumen encuadernado u otra parte) No para préstamo Código de colección Localización permanente Ubicación/localización actual Ubicación en estantería Fecha de adquisición Enumeración/cronología de publicación seriada Número de inventario Total de préstamos Signatura topográfica completa Código de barras Fecha visto por última vez Precio válido a partir de Tipo de ítem Koha Nota pública
    No se presta Excluido de préstamo Hemeroteca Patrimonio Dominicano Patrimonio Dominicano Ordenador y recibido 21.06.2011 Año.1:no.1 y 2 (1913:ene./feb.) 191301011913010520110621   1 y 2 31409-1;2-1 08.08.2020 08.08.2020 Publicación periódica Perteneció a la biblioteca personal de Carlos Larrazabal Blanco

Powered by Koha